000 00385nam a2200133Ia 4500
005 20260326100046.0
008 260326s9999||||xx |||||||||||||| ||und||
100 _aSebastián, Santiago
245 0 _aLa ornamentacion Arquitectónica en la Nueva Granada /
_cSantiago Sebastián
260 _bDe la casa de la cultura
300 _a142 p.
650 _aARQUITECTURA COLONIAL
942 _cBK
999 _c7212
_d7212